000 00480nam a2200121 4500
999 _c11071
_d11071
008 181010b ||||| |||| 00| 0 eng d
082 _aDPer 959.9048 P53p May 2013- April 2014 v. 22-23
245 _aForeign relations :
_bstrengthening cooperation and deepening friendship.
260 _aSan Miguel, Manila :
_bOP-Bureau of Communications Services,
_c©May 2013-©Apr 2014.
300 _av22 n5, pages 15-17;
_c23 cm.
650 0 _932058
_aInternational relation.
942 _2ddc
_cPER